Statistics for Geographical Locations Starting with G

Click here to take the quiz!

General Stats

  • This quiz has been taken 69 times
  • The average score is 17 of 20

Answer Stats

HintAnswer% Correct
A sacred river of India and BangladeshGanges
97%
Largest city in ScotlandGlasgow
97%
A group of five lakes on the United States-Canada border{Great} Lakes
97%
Country bordering Albania, North Macedonia, Bulgaria, and TurkeyGreece
95%
An coastal area between Israel and Egypt currently under the control of the Palestinian AuthorityGaza
92%
Largest lake in SwitzerlandGeneva
92%
National Park in Arizona{Grand} Canyon
92%
A self-governing island that is a territory of DenmarkGreenland
92%
A territory of Great Britain at the southern end of Iberia.Gibraltar
91%
A 1.7 mile suspension bridge linking Marin County, California, to San Francisco, California{Golden} {Gate} Bridge
91%
A town on the south bank of the River Thames through which the prime meridian passesGreenwich
91%
Unincorporated territory of the United States in OceaniaGuam
89%
Ancient Chinese fortification{Great} {Wall} {of} {China}
85%
A US naval base in south-east Cuba{Guantanamo} Bay
85%
The capital city of GuyanaGeorgetown
78%
The capital city of the state of Jalisco, in the central MexicoGuadalajara
75%
The capital of Botswana
Gaborone
69%
A former Iberian kingdom, now an autonomous region of SpainGalicia
58%
The nickname for the 30 St Mary Axe skyscraper in LondonGherkin
49%
Book that was mass produced in the 1450s in Mainz, which is in present-day Germany{Gutenberg} Bible
49%

Score Distribution

Percentile by Number Answered

Percent of People with Each Score

Your Score History

You have not taken this quiz